| Tag |
First Indicator |
Second Indicator |
Subfields |
| LEADER |
00000cam a2200000 a 4500 |
| 001 |
in00000087948 |
| 005 |
20151008063100.0 |
| 008 |
810304s1980 ne c b 01000 eng d |
| 010 |
|
|
|a 80083259
|
| 020 |
|
|
|a 9028603603
|
| 035 |
|
|
|a (OCoLC)07188859
|
| 035 |
|
|
|9 AAK1546AM
|
| 040 |
|
|
|a YYP
|c YYP
|d TXA
|d UtOrBLW
|
| 049 |
|
|
|a TXAM
|c [388716]
|
| 090 |
|
|
|a JX3091
|b E88
|
| 245 |
0 |
0 |
|a Essays on the development of the international legal order :
|b in memory of Haro F. van Panhuys /
|c edited by Frits Kalshoven, Pieter Jan Kuyper and Johan G. Lammers.
|
| 264 |
|
1 |
|a Alphen aan den Rijn, The Netherlands ;
|a Rockville, Md. :
|b Sijthoff & Noordhoff,
|c 1980.
|
| 300 |
|
|
|a xi, 226 pages :
|b portrait ;
|c 25 cm.
|
| 336 |
|
|
|a text
|b txt
|2 rdacontent
|
| 337 |
|
|
|a unmediated
|b n
|2 rdamedia
|
| 338 |
|
|
|a volume
|b nc
|2 rdacarrier
|
| 500 |
|
|
|a "This book is published in cooperation with the T.M.C. Asser Institute, The Hague."
|
| 500 |
|
|
|a "List of publications by Haro F. van Panhuys": pages 221-226.
|
| 504 |
|
|
|a Includes bibliographical references.
|
| 650 |
|
0 |
|a International law.
|
| 650 |
|
0 |
|a International courts.
|
| 700 |
1 |
|
|a Van Panhuys, Haro F.
|
| 700 |
1 |
|
|a Kalshoven, F.
|q (Frits)
|
| 700 |
1 |
|
|a Kuijper, Pieter Jan.
|
| 700 |
1 |
|
|a Lammers, J. G.
|
| 999 |
|
|
|a MARS
|
| 999 |
f |
f |
|s c3f7b502-fd0d-36fe-8d04-0500e372e1eb
|i 58b1c193-3da9-3c2c-b2a9-d425f89ccf1a
|t 0
|
| 952 |
f |
f |
|p ric
|a Texas A&M University
|b Rellis Campus
|c Joint Library Facility
|d Remote Storage
|t 0
|e JX3091 E88
|h Library of Congress classification
|i unmediated -- volume
|m A14805972924
|
| 998 |
f |
f |
|a JX3091 E88
|t 0
|l Remote Storage
|